00300nam a2200097Ia 4500008004100000245005100041245001800092260000900110650003200119856005100151171211s9999 xx 000 0 und d aHistorical Dictionary of South American Cinema cPeter H. Rist c2014 xEncyclopedia and Dictionary uhttp://down.ebook777.com/054/9780810860827.pdf